Том 2; Истоки; Истоки; Могила воина; Сперанский и декабристы; Ольга Жеребцова; Генерал Пишегрю; Азеф; Фельдмаршал; Астролог

Detalles Bibliográficos
Parent link:Истоки: Избранные произведения в 2 т./ Марк Алданов; [сост. А. Чернышев; Худож. О. Вуколов]. Том 2.— , 1991-
Idioma:ruso
Publicado: 1991
TOC:Истоки;
Могила воина;
Сперанский и декабристы; Ольга Жеребцова; Генерал Пишегрю; Азеф;
Фельдмаршал; Астролог;
Subjects:
Formato: MixedMaterials Libro
KOHA link:https://koha.lib.tpu.ru/cgi-bin/koha/opac-detail.pl?biblionumber=111992

MARC

LEADER 00000nam2a2200000 4500
001 111992
005 20231031121049.0
010 |a 5206002119 
020 |a RU  |b 92-3211 
035 |a (RuTPU)RU\TPU\book\120963 
090 |a 111992 
100 |a 20070321g1991 m y0rusy5003 ca 
101 0 |a rus 
102 |a RU 
105 |a a z 000ay 
200 0 |a Том 2 
210 |d 1991 
215 |d 21 см  |e (ил.)  |a 512 с. 
461 1 |0 (RuTPU)RU\TPU\book\120960  |t Истоки  |o Избранные произведения в 2 т.  |f Марк Алданов  |g [сост. А. Чернышев; Худож. О. Вуколов]  |v Том 2  |d 1991-  |s Библиотека "Дружбы народов" 
464 |t Истоки  |o роман 
464 |t Могила воина  |o сказка о мудрости 
464 |t Сперанский и декабристы; Ольга Жеребцова; Генерал Пишегрю; Азеф  |o исторические очерки 
464 |t Фельдмаршал; Астролог  |o политические рассказы 
610 1 |a русская литература 
610 1 |a исторические романы 
610 1 |a Россия 
610 1 |a история 
801 0 |a RU  |b RuMRKP  |c 19950417  |g psbo 
801 1 |a RU  |b 63413507  |c 20070321  |g PSBO 
801 2 |a RU  |b 63413507  |c 20141002  |g PSBO 
942 |c BK